| 000 | 00584nam a2200193Ia 4500 | ||
|---|---|---|---|
| 005 | 20230503103335.0 | ||
| 008 | 131103s9999 xx 000 0 und d | ||
| 040 | _aLoreto College | ||
| 041 | _aEnglish | ||
| 082 |
_a823.8 _bGRE |
||
| 100 | _aGreen,Roger Lancelyn | ||
| 245 |
_aTellers of tales _b childen's books and their authors from 1800 to 1964 _cRoger Lancelyn Green |
||
| 260 |
_aLondon _bEdmund Ward _c1965 |
||
| 300 |
_a320 p. _b ill. |
||
| 504 | _aIncludes bibliographical references and index | ||
| 650 | _aEnglish fiction - criticism | ||
| 850 | _aLCLIB | ||
| 942 | _cBK | ||
| 999 |
_c4619 _d55098 |
||